000 01170nam a2200289Ia 4500
999 _c65255
_d65255
005 20240530110815.0
008 140319s2008 au a f b 000 0 ara d
017 _a2008/20618
_bمصر. دار الكتب
020 _a9774379284
040 _aGCL /
_cGCL
082 0 4 _221
_a792.022 /
_bب م
100 1 _aبيريزكين ، فيكتور
245 1 0 _aمسرح الفنان فى روسيا والمانيا /
_cتأليف فيكتور بيريزكين ؛ ترجمة انور ابراهيم ؛ مراجعة مكارم الغمرى
_nالجزء الاول
250 _aط.1
260 _aالقاهرة :
_bوزارة الثقافة : مهرجان القاهرة الدولى للمسرح التجريبى،
_c2008 .
300 _a357 ص. ؛
_c24 سم.
650 0 7 _aالمسرح
_2qrmak
650 0 7 _aالمسرح
_zروسيا
650 0 7 _aالمسرح
_zالمانيا
650 0 7 _aالدراما
_2qrmak
650 0 7 _aالمسرح
_xتاريخ ونقد
_2qrmak
651 _2qrmak
700 0 _aانور ابراهيم
_eمترجم
700 0 _aمكارم الغمرى
_eمراجع
942 _2ddc
_cBK